Zjišťování příčin požárů /

Hlavní autor: Banasinský, Vladislav, 1950-
Korporativní autor: Vysoká škola báňská - Technická univerzita Ostrava. Hornicko-geologická fakulta
Další autoři: Ševěček, Petr
Jazyk: Čeština
Vydáno: Ostrava : VŠB-Technická univerzita, 1995
Vydání: 1. vyd.
Témata:
Fyzický popis: 59 s. ; 29 cm
Knihy
Uloženo v:
LEADER 01587nam a2200349 a 4500
001 000068397
003 CZ BrMZK
005 20080606074000.0
007 ta
008 950313s1995 xr f cze d
020 |a 80-7078-270-6 
040 |a BOA001  |b cze 
080 |a 614.841.2(075.8)  |2 MRF 
100 1 |a Banasinský, Vladislav,  |d 1950-  |7 jx20060209012  |4 aut 
245 1 0 |a Zjišťování příčin požárů /  |c Vladislav Banasinský, Petr Ševěček 
250 |a 1. vyd. 
260 |a Ostrava :  |b VŠB-Technická univerzita,  |c 1995 
300 |a 59 s. ;  |c 29 cm 
504 |a Obsahuje bibliografii 
521 8 |a Určeno pro posluchače 4. ročníku HGF 
653 0 |a požární ochrana  |a požáry 
700 1 |a Ševěček, Petr  |7 mzk2010473933  |4 aut 
710 2 |a Vysoká škola báňská - Technická univerzita Ostrava.  |b Hornicko-geologická fakulta  |7 kn20010709391 
910 |a BOA001  |b 4-1020.234  |b TK-A-0259.051 
920 |a 000071867 
964 |a Požáry  |x příčiny  |x učebnice  |x školy vysoké 
990 |a BK 
996 7 |b 2610036038  |c 4-1020.234  |l MZK  |r Sklad / do 1 hodiny  |n 3  |p p.v.  |w 000068397  |u 000010  |a 1  |e BOA001  |j MZK50  |s A 
996 7 |b 2620004208  |c TK-A-0259.051  |l MZK  |r Sklad / do 24 hodin  |n 0  |p kup  |w 000068397  |u 000020  |a 1  |e BOA001  |j MZK50  |s A 
996 7 |b 2620004209  |c TK-A-0259.051  |l MZK  |r Sklad / do 24 hodin  |n 0  |p kup  |w 000068397  |u 000030  |a 1  |e BOA001  |j MZK50  |s A 
996 7 |b 2620004648  |c TK-A-0259.051  |l MZK  |r Sklad / do 24 hodin  |n 0  |p kup  |w 000068397  |u 000040  |a 1  |e BOA001  |j MZK50  |s A 
996 7 |b 2620004649  |c TK-A-0259.051  |l MZK  |r Sklad / do 24 hodin  |n 0  |p kup  |w 000068397  |u 000050  |a 1  |e BOA001  |j MZK50  |s A